Biggest Asian Cities by Letter - Two Minute Sprint - Statistics

General Stats
  • This quiz has been taken 44 times
  • The average score is 13 of 27
Answer Stats
letter population city % Correct
B 20,000,000 Beijing
94%
T 39,900,000 Tokyo
94%
S 29,500,000 Shanghai
85%
J 30,300,000 Jakarta
76%
G 45,600,000 Guangzhou
71%
D 28,400,000 Delhi
68%
M 24,200,000 Mumbai
68%
X 9,800,000 Xiamen
59%
K 16,900,000 Karachi
56%
M 24,600,000 Manila
50%
O 17,700,000 Osaka
50%
W 8,700,000 Wuhan
50%
A 8,000,000 Ahmedabad
47%
H 9,600,000 Hyderabad
47%
L 12,200,000 Lahore
47%
Q 5,900,000 Qingdao
38%
F 4,150,000 Fuzhou
32%
N 10,500,000 Nagoya
32%
U 3,975,000 Urumqi
32%
C 10,700,000 Chennai
29%
I 5,200,000 Istanbul
29%
R 7,400,000 Riyadh
29%
Z 5,400,000 Zhengzhou
26%
Y 5,400,000 Yangon
24%
E 970,000 Erbil
18%
P 6,500,000 Pune
18%
V 2,125,000 Vadodara
15%
No matching quizzes found
Score Distribution
Percent of People with Each Score
Percentile by Number Answered
Your Score History
You have not taken this quiz